000 00318nam a22001337a 4500
008 180807b xxu||||| |||| 00| 0 eng d
082 _a813.52
245 _aStatistics data analysis & decision modeling
_cEVANS.J.R
260 _c2000
300 _a1
_fCD
440 _x0131886118
760 _b3 rd
942 _2ddc
_cMX
999 _c46916
_d46916